Návrh grafického používateľského rozhrania pre webový organizér

Guardado en:
Detalles Bibliográficos
Autor principal: Brandová, Lenka (Autor)
Otros Autores: Gallo, Ondrej (Orientador)
Formato: Manuscrito Libro
Lenguaje:eslovaco
Publicado: Bratislava : STU v Bratislave FEI, 2020
Materias:
Acceso en línea:https://opac.crzp.sk/?fn=detailBiblioForm&sid=69B07E5EF4F2B22F0F86B2C7FD1B&seo=CRZP-detail-kniha
Etiquetas: Agregar Etiqueta
Sin Etiquetas, Sea el primero en etiquetar este registro!

MARC

LEADER 00000ntm a22000003a 4500
001 stuzp76681
003 SK-STU
005 20200721141133.5
007 ta
008 150427s2015----xo-----f-mn---000-0-slo-d
040 |a STU  |b slo 
041 0 |a slo 
044 |a xo 
100 1 |a Brandová, Lenka  |u 035000  |4 aut  |U FEI Fakulta elektrotechniky a informatiky  |T FEI Ústav informatiky a matematiky  |X 92257  |U E050  |Y 816  |7 92257 
242 0 1 |a Graphical user interface design for web organizer  |y eng 
245 1 0 |a Návrh grafického používateľského rozhrania pre webový organizér 
260 |c Bratislava :  |c STU v Bratislave FEI,  |c 2020 
300 |a 56 s. 
650 4 |a webový organizér  |2 slo 
650 4 |a komponent  |2 slo 
650 4 |a servis  |2 slo 
650 4 |a dizajn  |2 slo 
650 4 |a Http metódy  |2 slo 
650 4 |a web organizer  |2 eng 
650 4 |a component  |2 eng 
650 4 |a service  |2 eng 
650 4 |a design  |2 eng 
650 4 |a Http methods  |2 eng 
700 1 |a Gallo, Ondrej  |u 035000  |k Z1  |4 ths  |U FEI Fakulta elektrotechniky a informatiky  |T FEI Ústav informatiky a matematiky  |X 27473  |U E050  |Y 816  |7 A000027473 
856 4 |u https://opac.crzp.sk/?fn=detailBiblioForm&sid=69B07E5EF4F2B22F0F86B2C7FD1B&seo=CRZP-detail-kniha